000 00748nam a2200217Ii 4500
003 JO-AjNU
008 230605s9999||||xx |||||||||||||| ||und||
040 _aJO-AjNU
_bara
_erda
_cJO-AjNU
041 _aara
050 1 4 _aPJ7700.J27.Z667 1985
100 3 _aتأليف غريب، جورج ,
_eauthor
_942307
245 0 0 _aذو القلبين: جميل بن المعمر
250 _aط1
264 3 1 _aبيروت:دار الثقافة،1985
300 _a239ص
336 _atext
_btxt
_2rdacontent
337 _aunmediated
_bn
_2rdamedia
338 _avolume
_bnc
_2rdacarrier
490 0 _aسلسلة الموسوع في الأدب العربي 44
650 4 _a الشعر العربي - تاريخ ونقد - العصر الأموي
_942308
999 _aA18106
_c21674
_d21674